000 00638nam a2200241Ia 4500
003 OSt
005 20221007105358.0
006 a|||||r|||| 00| 0
007 ta
008 221006b |||||||| |||| 00| 0 eng d
024 _a18,410
037 _cTextual
040 _aLCO
_cLCO
_beng
041 _2eng
_aeng
082 _aZ2,2675, K5
100 _aIyengar T.R.Srinivasa
245 0 _aTrade and Merchandise Marks Act,1958
260 _aAllahabad
_bLaw Book Company India
_c1965
300 _a663
650 _aTRADE MARKS
942 _hZ2,2675, K5
_cTEXL
999 _c1187973
_d1187973